| 000 | 00694cam a22002298i 4500 | ||
|---|---|---|---|
| 003 | OSt | ||
| 005 | 20260305195518.0 | ||
| 008 | 201014s2021 nju b 001 0 eng c | ||
| 020 | _a9781119820833 | ||
| 020 |
_a9781119820840 _q(ePub) |
||
| 020 |
_z9781119820857 _q(epdf) |
||
| 040 |
_aKABLIB _beng _erda _cKABLIB |
||
| 082 | 0 | 0 |
_a547 _223 _bKLE |
| 100 | 1 |
_aKlein, David _914741 |
|
| 245 | 1 | 0 |
_aOrganic chemistry / _cDavid Klein. |
| 250 | _a4th ed. | ||
| 264 | 1 |
_aHoboken, NJ : _bWiley, _cc2022 |
|
| 300 |
_axix, 1296 p. : _bcol. ill. ; _c28 cm. |
||
| 504 | _aIncludes bibliographical references, appendix, glossary, index. | ||
| 650 | 0 |
_aChemistry, Organic _vTextbooks. _914742 |
|
| 942 |
_2ddc _cBOOK |
||
| 999 |
_c5843 _d5843 |
||